000 01054nam a2200301 i 4500
003 EG-GICUC
005 20260429102710.0
008 260429s1969 in ||||fr|||| 00| 0 eng d
040 _aEG-GiCUC
_beng
_cEG-GiCUC
_dEG-GiCUC
_eRda
041 0 _aeng
082 0 4 _221
_a343.9
_bYO
092 0 4 _221
099 _aLaw1 10 343.9 YO 1969
110 _kUnited Nations. Economic Commission for Africa. Social Development Section
245 0 0 _aYouth employment and national development in Africa /
_cSocial Development Section of the Economic Commission for Africa
264 1 _aNew York :
_bUnited Nations,
_c1969.
300 _a54 page ;
_c 24 cm.
_billustrations,
336 _2rda contenu
_a texte
337 _2rda medias
_aOrdinateur
338 _2 transporteur rda
_a Ressource en ligne
504 _aComprend des references bibliographiques.
546 _aText in English
650 1 _aSocial welfare
_2qrmak
651 1 _2qrmak
856 4 0 _uhttps://fll.law.cu.edu.eg/fulltext/bks/B10-11099.pdf
905 _a74
942 _2ddc
_n0
_cBK
_e21
999 _c74065
_d74065